Statistiken für Elementsymbole PSE

Klicken Sie hier um das Quiz zu spielen!

Allgemein

  • Dieses Quiz wurde 1.720 mal gespielt
  • Das Durchschnittsergebnis liegt bei 103 aus 118

Antwortstatistiken

ElementSymbol% Korrekt
WasserstoffH
100%
BorB
99%
KohlenstoffC
99%
FluorF
99%
HeliumHe
99%
KaliumK
99%
StickstoffN
99%
SauerstoffO
99%
PhosphorP
99%
SchwefelS
99%
AluminiumAl
98%
ArgonAr
98%
LithiumLi
98%
MagnesiumMg
98%
NatriumNa
98%
NeonNe
98%
BerylliumBe
97%
CalciumCa
97%
ChlorCl
97%
IodI
97%
SiliciumSi
97%
TitanTi
97%
VanadiumV
97%
BromBr
96%
GalliumGa
96%
NickelNi
96%
ArsenAs
95%
ChromCr
95%
GermaniumGe
95%
ScandiumSc
95%
SelenSe
95%
EisenFe
94%
KryptonKr
94%
ManganMn
94%
RutheniumRu
94%
YttriumY
94%
KobaltCo
93%
KupferCu
93%
RubidiumRb
93%
TellurTe
93%
RhodiumRh
92%
XenonXe
92%
StrontiumSr
91%
UranU
91%
ZinkZn
91%
CerCe
90%
MolybdänMo
90%
ProtactiniumPa
90%
WolframW
90%
AstatAt
89%
BariumBa
89%
LanthanLa
89%
NiobNb
89%
NobeliumNo
89%
PraseodymPr
89%
ThoriumTh
89%
PoloniumPo
88%
RadiumRa
88%
ActiniumAc
87%
AmericiumAm
87%
FranciumFr
87%
IndiumIn
87%
CäsiumCs
86%
ErbiumEr
86%
PaladiumPd
86%
TantalTa
86%
BismutBi
85%
EuropiumEu
85%
IridiumIr
85%
OsmiumOs
85%
TechnetiumTc
85%
ThalliumTl
85%
ZirconiumZr
85%
HafniumHf
84%
HolmiumHo
84%
NeodymNd
84%
SilberAg
83%
GoldAu
83%
DysprosiumDy
83%
GadoliniumGd
83%
LutetiumLu
83%
PlatinPt
83%
RadonRn
83%
SamariumSm
83%
TerbiumTb
83%
EinsteiniumEs
82%
NeptuniumNp
82%
RheniumRe
82%
PromethiumPm
81%
PlutoniumPu
81%
BerkeliumBk
80%
CuriumCm
80%
HassiumHs
80%
MendeleviumMd
80%
YtterbiumYb
80%
CaliforniumCf
79%
FermiumFm
79%
AntimonSb
79%
BohriumBh
78%
DubniumDb
78%
FleroviumFl
78%
DarmstadtiumDs
77%
OganessonOg
77%
RutherfordiumRf
77%
LawrenciumLr
76%
LivermoriumLv
76%
MoscoviumMc
76%
MeitneriumMt
76%
NihoniumNh
76%
RöntgeniumRg
76%
TennessTs
76%
CoperniciumCn
75%
ThuliumTm
75%
BleiPb
74%
SeaborgiumSg
74%
ZinnSn
70%
KadmiumCd
67%
QuecksilberHg
60%

Verteilung der Resultate

Perzentil nach korrekt beantworteten Fragen

Anzahl Personen mit jedem Resultat

Ihre Resultats-Entwicklung

Sie haben dieses Quiz noch nicht gespielt